Search the Library Catalogue
| 000 -LEADER | |
|---|---|
| fixed length control field | 00602nam a2200193Ia 4500 |
| 008 - FIXED-LENGTH DATA ELEMENTS--GENERAL INFORMATION | |
| fixed length control field | 191130s1957##################000#0#eng## |
| 082 ## - DEWEY DECIMAL CLASSIFICATION NUMBER | |
| Classification number | 823.914 SUT |
| 100 ## - MAIN ENTRY--AUTHOR NAME | |
| Personal name | Sutcliff, Rosemary |
| 245 ## - TITLE STATEMENT | |
| Title | The silver branch |
| Statement of responsibility, etc | Rosemary Sutcliff ; Illustrated by Charles Keeping |
| 250 ## - EDITION STATEMENT | |
| Edition statement | 1st ed |
| 260 ## - PUBLICATION, DISTRIBUTION, ETC. (IMPRINT) | |
| Place of publication | Oxford |
| Name of publisher | Oxford University Press |
| Year of publication | 1957 |
| 300 ## - PHYSICAL DESCRIPTION | |
| Number of Pages | 215 p. : illus. ; 23 cm |
| 650 ## - SUBJECT ADDED ENTRY--TOPICAL TERM | |
| Topical Term | Great Britain - History - Roman period, 55 B.C.-449 A.D. Fiction |
| 991 ## - | |
| -- | 402748 |
No items available.